Bilecik Bilecik Bilecik Bilecik Bilecik

Tarım ekonomisi/ (Record no. 170)

MARC details
000 -BAŞLIK
Sabit Uzunluktaki Kontrol Alanı 01242nam a22003977a 4500
001 - KONTROL NUMARASI
Control Dosyası 0000169
003 - KONTROL NUMARASI KİMLİĞİ
Kontrol Alanı KOHA_MİRAKIL
005 - EN SON İŞLEM TARİHİ ve ZAMANI
Kontrol Alanı 20260207001202.0
007 - FİZİKSEL TANIM SABİT ALAN - GENEL BİLGİ
Sabit uzunluklu kontrol alanı ta
008 - SABİT UZUNLUKTAKİ VERİ ÖGELERİ - GENEL BİLGİ
Sabit Alan 081212b1998 tu |||gr||||#0|||0|tur |
020 ## - ISBN - ULUSLARARASI STANDART KİTAP NUMARASI
Isbn 9755640746
Kullanılabilirlik koşulları YTL16,690000000000001
040 ## - KATALOGLAMA KAYNAĞI
Özgün Kataloglama Kurumu TR-BiSEU
Kataloglama Dili tur
Çeviri Kurumu TR-BiSEU
Açıklama Kuralları rda
041 0# - DİL KODU
Metin ya da ses kaydının dil kodu tur
044 ## - YAYINLAYAN/ÜRETEN KURULUŞUN ÜLKE KODU
ISO country code tu
050 ## - SINIFLAMA ve YER NUMARASI
Sınıflama Numarası HD1415
Yer Numarası .R44 1998
100 1# - KİŞİ ADI
Yazar Adı (Kişi adı) Rehber, Erkan.
245 1# - ESER ADI BİLDİRİMİ
Başlık Tarım ekonomisi/
Sorumluluk Bildirimi Erkan Rehber ; Bahattin Çetin.
264 #1 - ÜRERİM, YAYIN, DAĞITIM ve TELİF BİLDİRİMİ
Yayın yeri Bursa :
Yayınlayan Uludağ Üniversitesi Güçlendirme Vakfı
Yayın tarihi 1998
300 ## - FİZİKSEL TANIMLAMA
Sayfa, Cilt vb. 317 sayfa: tablo, grafik
336 ## - İÇERİK TÜRÜ
Content type term metin
Content type code txt
Source rdacontent
337 ## - MEDYA TÜRÜ
Media type term aracısız
Media type code n
Source rdamedia
338 ## - TAŞIYICI TÜRÜ
Carrier type term cilt
Carrier type code nc
Source rdacarrier
490 1# - DİZİ BİLDİRİMİ
Dizi Bildirimi Uludağ Üniversitesi Güçlendirme Vakfı Yayın no ;
Cilt Numarası 134.
490 1# - DİZİ BİLDİRİMİ
Dizi Bildirimi VİPAŞ A.
490 1# - DİZİ BİLDİRİMİ
Dizi Bildirimi Ş.
490 1# - DİZİ BİLDİRİMİ
Dizi Bildirimi Yayın sıra no ;
Cilt Numarası 10.
500 ## - GENEL NOT
Genel Not Kaynakça var.
650 #0 - KONU BAŞLIĞI EK GİRİŞ - KONU TERİMİ
Konusal terim veya coğrafi ad Tarım--Ekonomik Yonleri.
9 (RLIN) 1970
650 #0 - KONU BAŞLIĞI EK GİRİŞ - KONU TERİMİ
Konusal terim veya coğrafi ad Agriculture--Economic Aspects--Turkey.
9 (RLIN) 1971
830 1# - SERİ EK GİRİŞİ - TEKBİÇİM ESER ADI
Tekbiçim Başlık Uludağ Üniversitesi Güçlendirme Vakfı Yayın no ;
Volume number/sequential designation 134.
9 (RLIN) 1972
830 1# - SERİ EK GİRİŞİ - TEKBİÇİM ESER ADI
Tekbiçim Başlık VİPAŞ A.
9 (RLIN) 1973
830 1# - SERİ EK GİRİŞİ - TEKBİÇİM ESER ADI
Tekbiçim Başlık Ş.
9 (RLIN) 1974
830 1# - SERİ EK GİRİŞİ - TEKBİÇİM ESER ADI
Tekbiçim Başlık Yayın sıra no ;
Volume number/sequential designation 10.
9 (RLIN) 1975
907 ## - LOCAL DATA ELEMENT G, LDG (RLIN)
a Okuma Kitabı
942 ## - EK GİRİŞ ÖGELERİ (KOHA)
Source of classification or shelving scheme Library of Congress Classification
Koha item type Book
Holdings
Materyal Türü Kalıcı Konum Mevcut Konum Raf Yeri Sınıflandırma Kaynağı Edinim Bilgisi Ana Konular Alt Konular Yer Numarası Demirbaş Numarası Fatura Tarihi Maliyet, Alış Fiyatı Maliyet, Yenileme Fiyatı Geri Çekilme Durumu Kayıp Durumu Hasarlı Durumu Kredi için değil Kayıt Tarih Toplam Ödünçverme Son Görülme Tarihi Son Kontrol Tarihi
Book Prof. Dr. Azmi Özcan Kütüphanesi Prof. Dr. Azmi Özcan Kütüphanesi Uluğbey Salonu Library of Congress Classification Satın SOSYAL BİLİMLER Endüstriler, Arazi Kullanımı, İşgücü HD1415 .R44 1998 0000169 12/12/2008 18.03 18.03         12/12/2008 5 09/12/2024 09/12/2024